Δήμοι της Ελλάδας που Αρχίζουν από Τ - Statistics

General Stats
  • This quiz has been taken 6 times
  • The average score is 5 of 10
Answer Stats
Δήμος % Correct
Τρικκαίων
83%
Τρίπολης
83%
Τήνου
67%
Τυρνάβου
67%
Τανάγρας
50%
Τήλου
50%
Τεμπών
33%
Τοπείρου
33%
Τριφυλλίας
17%
Τροιζηνίας-Μεθάνων
17%
No matching quizzes found
Score Distribution
Percent of People with Each Score
Percentile by Number Answered
Your Score History
You have not taken this quiz